Culture générale ! Une image... Un des... (11) - Statistiques

Statistiques générales
  • Ce quiz a été pris 53 fois
    29 depuis la dernière actualisation
  • Le résultat moyen est 6 sur 20
Statistiques - réponses
Par images Hint Réponse % Correct
planètes du système solaire Saturne
92%
coiffures couettes
76%
signes de terre capricorne
68%
drapeaux avec des croix Géorgie
60%
châteaux de la Loire Chenonceau
56%
villes les plus ensoleillées de France Arles
40%
enfants chanteurs français Jordy
40%
mois du calendrier révolutionnaire brumaire
28%
chefs de cuisine Michel Sarran
28%
grades de l'armée caporal
20%
armes mine
20%
coquillages praire
20%
résidences de chef d'état (pays) Japon
16%
préfectures de Bourgogne-Franche-Comté Nevers
16%
types de fauteuil Voltaire
16%
hôtels mythiques Normandy
12%
drapeaux aux couleurs panslaves Monténégro
8%
meubles en héraldique dauphin
4%
types de casque morion
4%
albums de Lucky Luke (titre) Western circus
0%
Aucun quiz correspondant
Distribution des résultats
% des personnes avec chaque résultat
Percentile par nombre de réponses
Votre historique - résultats
Vous n’avez pas pris ce quiz depuis la dernière actualisation